000 01547nam a2200325 i 4500
003 EG-GICUC
005 20260127134004.0
008 260127s1934 fr ||fr|||| 000 0 fre d
040 _aEG-GiCUC
_bfre
_cEG-GiCUC
_dEG-GiCUC
_eRda
041 0 _afre
082 0 4 _221
_a341.9
_bLA . U
092 0 4 _221
099 _aLaw1 12 341.9 LA . U 1934
100 1 _aLambert, Edouard
_eAuteur
245 1 4 _aUn Parère De Jurisprudence Comparative :
_b1° Dettes Contractées En Monnaie Étrangère Règles Du Droit International Sur Leur Paiement Application Aux Questions Posées En Allemagne Par La Chute De La Livre Et Du Dollar 2º Le Role De La Clause Compromissoire Dans Les Marchés Du Commerce International Consullation Donnée À La Représentation Commerciale De L'u. R. S. S. En Allemagne /
_cPar Edouard Lambert.
264 3 _aParis :
_bMarce Giard,
_c1934.
300 _a221 page,
_c 24 cm.
_b
336 _2rda contenu
_a texte
337 _2rda medias
_aOrdinateur
338 _2 transporteur rda
_a Ressource en ligne
490 _aBibliothe De L'institut De Droit Compare De Lyon
_vTome 33
500 _aContenant Le Commentaire De La Loi Nouvelle Sur La Nationalité Du 10 Août 1927 Et Assurant La Complète Mise À Jour De Ce Manuel Sur Cette Matière
504 _acomprend des références bibliographiques
546 _aTexte en français
650 1 4 _aDroit international privé
_2
651 1 _2
856 4 0 _uhttps://fll.law.cu.edu.eg/fulltext/bks/B12-02070.pdf
905 _a48
942 _2ddc
_cBK
_e21
_n0
999 _c59583
_d59583